The Effect of hydrophobically modified inulin on the properties of natural rubber latex concentrates (Record no. 70617)

MARC details
000 -LEADER
fixed length control field 00557nam a2200193Ia 4500
100 ## - MAIN ENTRY--AUTHOR NAME
Personal name Manroshan S
245 #4 - TITLE STATEMENT
Title The Effect of hydrophobically modified inulin on the properties of natural rubber latex concentrates
260 ## - PUBLICATION, DISTRIBUTION, ETC. (IMPRINT)
Name of publisher Journal of Rubber Research
Year of publication 2007
300 ## - PHYSICAL DESCRIPTION
Number of Pages 161-170
650 ## - SUBJECT ADDED ENTRY--TOPICAL TERM
Topical Term Inulin
650 ## - SUBJECT ADDED ENTRY--TOPICAL TERM
Topical Term Mechanical stability
650 ## - SUBJECT ADDED ENTRY--TOPICAL TERM
Topical Term Natural rubber
650 ## - SUBJECT ADDED ENTRY--TOPICAL TERM
Topical Term Surfactant
650 ## - SUBJECT ADDED ENTRY--TOPICAL TERM
Topical Term Volatile fatty acids
700 ## - ADDED ENTRY--PERSONAL NAME
Personal name Amir-Hashim M Y
700 ## - ADDED ENTRY--PERSONAL NAME
Personal name Booten K
942 ## - ADDED ENTRY ELEMENTS (KOHA)
Koha item type Journals
Holdings
Withdrawn status Lost status Damaged status Not for loan Home library Current library Shelving location Date acquired Serial Enumeration / chronology Koha item type
      Journals RRII Library RRII Library Rubber technology 17/04/2008 Volume 10, Issue 3 Journals